000 00518cam a2200145 4500500
005 20251012031723.0
041 _afre
042 _adc
100 1 0 _aLabouret, Denis
_eauthor
245 0 0 _aPrésence de Péguy chez les poètes des années 1945-1955
260 _c2025.
500 _a51
786 0 _nBulletin de l’Amitié Charles Péguy | 183-184 | 3 | 2025-02-21 | p. 355-371 | 0180-8567
856 4 1 _uhttps://shs.cairn.info/bulletin-de-l-amitie-charles-peguy-2024-3-page-355?lang=fr&redirect-ssocas=7080
999 _c1546314
_d1546314